000 00875naa a22002777a 4500
001 BR8305789
003 BR-BrBNA
005 20250721154422.0
007 ta
008 250630b bl.|||m| |||| 00| 0 por d
040 _aBR-BrBNA
_bpor
_cBiblioteca Nacional de Agricultura
041 _a(Pt)
072 _aE14; F06
090 _aE14 BR8305789
100 1 _aNovita, L.C. de B.
245 1 _aProvarzeas Nacional programa de treinamento
250 1 _a2. ed.
500 _aPROVARZEAS Nacional 2. ed.Brasilia, DF (Brasil): 1983. p. 167-173 (BR8305789-AMS)
650 _aASSISTENCIA TECNICA
650 _aCREDITO RURAL
650 _aMAQUINA AGRICOLA
650 _aMELHORAMENTO DO SOLO
490 _aInformacao Tecnica - Programa Nacional para Aproveitamento de Varzeas Irrigaveis (Brazil)
_vno. 2
942 _cAMS
_2AGRIS
909 _a202506
_bLúcia
_c55
_dLúcia Elande
999 _c334626
_d334626